000 01071nas a2200361 4500
001 BR0205608
003 BR-BrBNA
005 20231205103407.0
007 ta
008 230509b bl.|||p| |||| 00| 00por d
040 _aBR-BrBNA
_bpor
_cBiblioteca Nacional de Agricultura
041 _a(Pt)
072 _aL74; L70
100 1 _aBarros, C.S.L.
100 1 _aFighera, R.A.
100 1 _aRozza, D.B.
100 1 _aRech, R.R.
100 1 _aSallis, S.V.
100 1 _aLangohr, I.M.
245 1 _aDoença granulomatosa sistêmica em bovinos no Rio Grande do Sul associada ao pastoreio de ervilhaca (Vicia spp)
650 _aGADO LEITEIRO
650 _aPLANTA TÓXICA
650 _aPASTEJO
650 _aERVILHACA
650 _aINTOXICAÇÃO
650 _aEPIDEMIA
650 _aDISTÚRBIO ANIMAL
650 _aVETERINÁRIA
650 _aRIO GRANDE DO SUL
773 0 _tPesquisa Veterinária Brasileira (Brazil)
_xISSN 0100-736X
_g(Oct-Dec 2001), v. 21(4) p. 162-171
_wBR0205608
909 _a202311
_bLúcia
_c55
_dLúcia Elande
942 _2AGRIS
_n0
_cANA
999 _c172625
_d172625